00473 2200169 4500001002100000005001500021035002000036245008300056100002200139250001700161300003300178260003400211082001000245084001600255020002200271650001000293INLIS00000000000094920250319114900 a0010-03250000451 aSatwa Langka di Hutan Tropis, Laut dan Samudra, Kepulauan /cBernard De Wetter0 aBernard De Wetter aCetakan ke-1 avi, 122 hlm :bIlus ;c27 cm aSolo :bTiga Serangkai,c2019 a591.6 a591.6 BER s a978-602-320-864-7 4aHewan